BASIC DENTAL MATERIALS (Record no. 2524)

MARC details
000 -LEADER
fixed length control field 00361nam a2200145Ia 4500
008 - FIXED-LENGTH DATA ELEMENTS--GENERAL INFORMATION
fixed length control field 150201s1998 xx 000 0 und d
082 ## - DEWEY DECIMAL CLASSIFICATION NUMBER
Classification number 617.695
Item number B1998M
100 ## - MAIN ENTRY--PERSONAL NAME
Personal name MANAPPALLIL
245 ## - TITLE STATEMENT
Title BASIC DENTAL MATERIALS
250 ## - EDITION STATEMENT
Edition statement 1ST
260 ## - PUBLICATION, DISTRIBUTION, ETC. (IMPRINT)
Name of publisher, distributor, etc. JAYPEE MEDICAL PUBLISHER
Place of publication, distribution, etc. DELHI
Date of publication, distribution, etc. 1998
300 ## - PHYSICAL DESCRIPTION
Extent 1-392
650 ## - SUBJECT ADDED ENTRY--TOPICAL TERM
Topical term or geographic name as entry element DENTAL MATERIAL
942 ## - ADDED ENTRY ELEMENTS (KOHA)
Source of classification or shelving scheme Dewey Decimal Classification
Koha item type Books
Koha issues (borrowed), all copies 37
Holdings
Withdrawn status Lost status Source of classification or shelving scheme Damaged status Not for loan Home library Current library Date acquired Source of acquisition Cost, normal purchase price Serial Enumeration / chronology SGTU Bill Number Total Checkouts Full call number Barcode Date last seen Date last checked out Bill Date Koha item type
    Dewey Decimal Classification     SGT Dental Library SGT Dental Library 10/04/2002 JAYPEE BROTHERS 150.00 1 SGTU 45 30 617.695 B1998M FD392 20/04/2026 09/04/2026 25/01/2012 Books
    Dewey Decimal Classification     SGT Dental Library SGT Dental Library 10/04/2002 JAYPEE BROTHERS 150.00 1 SGTU 45 9 617.695 B1998M FD393 07/04/2026 07/04/2026 25/01/2012 Books
    Dewey Decimal Classification     SGT Dental Library SGT Dental Library 10/04/2002 JAYPEE BROTHERS 150.00 1 SGTU 45   617.695 B1998M FD394 09/02/2015   25/01/2012 Books
    Dewey Decimal Classification     SGT Dental Library SGT Dental Library 10/04/2002 JAYPEE BROTHERS 150.00 1 SGTU 45 1 617.695 B1998M FD395 02/12/2023 02/12/2023 25/01/2012 Books
    Dewey Decimal Classification     SGT Dental Library SGT Dental Library 10/04/2002 JAYPEE BROTHERS 150.00 1 SGTU 45 21 617.695 B1998M FD396 15/04/2026 06/04/2026 25/01/2012 Books